| 000 | 01249cam a2200289 a 4500 | ||
|---|---|---|---|
| 020 | _a1879102005 | ||
| 082 |
_a623.893 _bUND _cN-01, P-119,P-92 |
||
| 245 | 0 | 0 |
_aUnderstanding GIS : _bthe ARC/INFO method. |
| 260 |
_aRedlands, CA, USA : _bEnvironmental Systems Research Institute, _cc1990. |
||
| 300 |
_a1 v. (various pagings) : _bill. (some col.) ; _c24 cm. |
||
| 500 | _a"David Rhind, Teresa Connolly and Birkbeck College, University of London ... compiled portions of this book"--Pref. | ||
| 500 | _a"PC version." | ||
| 526 |
_a0 _b0 _c0 _d623_893000000000000_UND |
||
| 526 |
_a0 _b0 _c0 _d623_893000000000000_UND |
||
| 650 | 0 |
_aGeographic information systems. _96117 |
|
| 650 | 0 |
_aGeography _xData processing. _942108 |
|
| 650 | 0 |
_aInformation storage and retrieval systems _xGeography. _942109 |
|
| 650 | 0 |
_aNUST _96342 |
|
| 650 | 0 |
_aPC ARC/INFO (Computer system) _942110 |
|
| 700 | 1 |
_aConnolly, Teresa. _942111 |
|
| 700 | 1 |
_aRhind, David. _942112 |
|
| 710 | 2 |
_aBirkbeck College. _942113 |
|
| 710 | 2 |
_aEnvironmental Systems Research Institute (Redlands, Calif.) _942114 |
|
| 856 | 4 | 2 | _uhttp://www.loc.gov/catdir/enhancements/fy0701/94137370-d.html |
| 856 | 4 | 2 | _uhttp://www.loc.gov/catdir/enhancements/fy0915/94137370-b.html |
| 942 |
_2ddc _cBK |
||
| 999 |
_c546073 _d546073 |
||